مجلة اليونسكو للمكتبات: الشباب واستغلال طاقاته فى خدمة الكتاب تجربة اجرتها اليونسكو فى امريكا اللاتينية (العدد السادس - السنه الثانية فبراير\ابرايل 1972) / (Record no. 46750)
[ view plain ]
| 000 -الفاتح | |
|---|---|
| حقل البيانات ثابتة الطول | 00713nam a2200181Ia 4500 |
| 008 - عناصر البيانات ثابتة الطول - معلومات عامة | |
| حقل البيانات ثابتة الطول | 140319s9999 xx 000 0 ara d |
| 040 ## - مصدر الفهرسة | |
| وكالة الفهرسة الأصلية | GCL / |
| وكالة النسخ | GCL |
| 082 04 - رقم تصنيف ديوى العشرى | |
| رقم التصنيف | 025.73 |
| رقم المادة | ى م |
| 100 1# - المدخل الرئيسى - إسم شخصى | |
| الإسم الشخصى | اليونسكو |
| 245 10 - بيان العنوان | |
| العنوان | مجلة اليونسكو للمكتبات: الشباب واستغلال طاقاته فى خدمة الكتاب تجربة اجرتها اليونسكو فى امريكا اللاتينية (العدد السادس - السنه الثانية فبراير\ابرايل 1972) / |
| بيان المسئوليه,etc | اليونسكو |
| 300 ## - الوصف المادى | |
| التعداد | 108 ص |
| 490 ## - بيان السلسلة | |
| عنوان السلسلة | 100 قصة |
| رقم المجلد/ التعيين التسلسلي | 0 |
| 650 04 - المدخل الاضافى بالموضوع-مصطلح موضوعى | |
| مصطلح موضوعي | الوثائق |
| 650 04 - المدخل الاضافى بالموضوع-مصطلح موضوعى | |
| مصطلح موضوعي | المكتبات |
| 650 04 - المدخل الاضافى بالموضوع-مصطلح موضوعى | |
| مصطلح موضوعي | الببليوجرافيا |
| 942 ## - عناصر المدخل الإضافي( كوها) | |
| مصدر التصنيف او مخطط الترفيف | Dewey Decimal Classification |
| Koha [default] item type | كتاب |
| حالة التراجع | حالة الفقد | حالة تلف | ليس للاعارة | المكان المؤقت | الموقع الحالى | تاريخ الاكتساب | اجمالي اﻻعارات | رقم الطلب | الباركود | تاريخ اخر مشاهدة | تاريخ تفعيل السعر | نوع وعاء كوها |
|---|---|---|---|---|---|---|---|---|---|---|---|---|
| مكتبة القاهرة الكبرى | مكتبة القاهرة الكبرى | 03/26/2014 | 025.73\ى م | 113729 | 03/26/2014 | 03/26/2014 | كتاب |

